Lysá Poľana bude zavretá do štvrtka

Bibliographic Details
Main Author: (olo) (Author)
Format: Article
Language:Slovak
Subjects:

MARC

LEADER 00000nab a2200000 a 4500
001 vtls001029051
003 SK-MaSNL
005 20260304214527.0
008 040720e20010626xo 0 slo
035 |a SL7605 
040 |a SLLK  |b slo  |c SLLK  |e AACR2 
041 0 |a slo 
044 |a xo  |c SK 
080 |a 394.912  |2 1981 
080 |a 551.577.6  |2 1981 
100 0 |a (olo)  |4 aut  |9 846299 
245 1 0 |a Lysá Poľana bude zavretá do štvrtka 
650 0 7 |a priechody hraničné turistické  |2 SLLK  |9 1022766 
650 0 7 |a pozemné komunikácie  |2 SLLK  |9 3578 
650 0 7 |a zrážky  |2 SLLK  |9 880701 
651 7 |a Lesnica (Slovensko)  |2 SLLK  |9 56924 
651 7 |a Szczawnica (Poľsko)  |2 SLLK  |9 59282 
651 7 |a SL,  |2 SLLK  |9 1022390 
655 7 |a periodikum  |2 snkbucl  |9 29553 
773 0 8 |t Sme  |g Roč. 9, č.146, 26.6.2001, s. 4 
852 |a ZVYKNI  |b KIS3GCP 
999 |c 3141813  |d 3143743